Anatomia i fizjologia człowieka - szkielet - Statystyki

Ogólne statystyki
  • Ten quiz został rozwiązany 62 razy
    8 od ostatniego zresetowania
  • Średni wynik to 59 z 153
Statystyki odpowiedzi
# Wskazówka Odpowiedź % Poprawnych
27 Kości mózgoczaszki kość czołowa
83%
22 Rodzaje kości według kształtu kości długie
83%
30 kość potyliczna
83%
29 kość skroniowa
83%
42 kowadełko
83%
41 Kosteczki słuchowe młoteczek
83%
10 Silne unaczyniona i unerwiona błona pokrywająca większość powierzchnię kości. okostna
83%
13 Podłużna część kości długiej, w której znajduje się jama szpikowa. trzon kości
83%
52 Łącznotkankowe spojenie kości czaszki u noworodków i niemowląt. Umożliwia badanie mózgowia dziecka przy pomocy aparatu USG. ciemiączko
67%
87 Nazwy palców kciuk
67%
46 kieł
67%
85 kość haczykowata
67%
23 kości krótkie
67%
35 Kości trzewioczaszki kość łzowa
67%
34 kość nosowa
67%
104 kość piszczelowa
67%
36 kość podniebienna
67%
73 Kości przedramienia. kość promieniowa
67%
108 Kości stępu kość skokowa
67%
101 Długa kość stanowiąca proksymalną część wolnej kończyny dolnej. kość udowa
67%
59 Co1-Co4/5. Często zrośnięte w jedną kość. kręgi guziczne
67%
58 S1-S5. Często zrośnięte w jedną kość. kręgi krzyżowe
67%
57 L1-L5. kręgi lędźwiowe
67%
56 Th1-Th12. kręgi piersiowe
67%
53 C1-C7. kręgi szyjne
67%
65 Płaska kość łącząca struktury #64 od strony brzusznej. Składa się z rękojeści, trzonu i #66. mostek
67%
90 palec serdeczny
67%
89 palec środkowy
67%
88 palec wskazujący
67%
86 Kości palców paliczki
67%
62 Boczne skrzywienie kręgosłupa. skolioza
67%
126 Staw wieloosiowy składający się z główki i panewki, przy czym panewka jest mała. staw kulisty wolny
67%
75 Złożony staw, łączący z sobą kości ramienia i przedramienia. staw łokciowy
67%
122 Staw jednoosiowy, w którym jedna powierzchnia stawowa obraca się w stosunku do drugiej. Umożliwia ruch rotacyjny w dwie strony. staw obrotowy
67%
107 Staw łączący kość skokową z kością piętową i kością łódkowatą. staw skokowy dolny
67%
44 Wielotkankowy, twardy narząd występujący w jamie ustnej lub jamie gębowej kręgowców. Składa się z korony, szyjki i korzenia. Służy do rozrywania i miażdżenia pokarmu. ząb
67%
64 12 par wygiętych kości tworzących klatkę piersiową. Wyróżnia się: prawdziwe, rzekome i wolne. żebra
67%
38 żuchwa
67%
21 Wytrzymała na rozrywanie tkanka chrzęstna, tworząca dyski międzykręgowe, spojenie łonowe i staw łączący szczęki górną i dolną. chrząstka włóknista
50%
54 Kręg łączący kręgosłup z czaszką. dźwigacz
50%
2 Tkanka kostna o blaszkach kostnych układających się sieciowato w beleczki kostne, pomiędzy którymi w niewielkich przestrzeniach znajduje się szpik kostny; można ją spotkać m.in. w nasadach kości długich. istota gąbczasta
50%
1 Tkanka kostna o zbitym, gęsto upakowanym ułożeniu blaszek kostnych w koncentryczne osteony; występuje zazwyczaj w zewnętrznej warstwie kości, a także w trzonie kości długich. istota zbita
50%
60 Wygięcie kręgosłupa ku stronie grzbietowej. kifoza
50%
28 kość ciemieniowa
50%
82 kość czworoboczna mniejsza
50%
83 kość czworoboczna większa
50%
78 Kości nadgarstka kość łódeczkowata
50%
74 kość łokciowa
50%
99 kość łonowa
50%
72 Długa kość stanowiąca proksymalną część wolnej kończyny górnej. kość ramienna
50%
103 Kości podudzia kość strzałkowa
50%
80 kość trójgraniasta
50%
69 Duża, trójkątna, płaska kość leżąca wśród mięśni grzbietu. Wchodzi w skład struktury #67. łopatka
50%
61 Wygięcie kręgosłupa ku stronie brzusznej. lordoza
50%
134 Przezroczysty, lepki płyn zmniejszający tarcie między powierzchniami stawowymi. maź stawowa
50%
70 Kość długa, wchodząca w skład struktury #67. Jest jedynym łącznikiem między szkieletem osiowym a szkieletem kończyny górnej. obojczyk
50%
55 Drugi kręg szyjny, który umożliwia obracanie kręgu pierwszego i tym samym ruchy czaszki. obrotnik
50%
50 Jama kostna, w której usytuowany jest narząd wzroku. oczodół
50%
7 Komórki kościotwórcze. osteoblasty
50%
6 Komórki kościogubne, szczególny rodzaj makrofagów. osteoklasty
50%
146 Choroba, w wyniku której maleje gęstość kości i stają się one podatne na złamania. Często występuje po menopauzie. osteoporoza
50%
17 Hormon wydzielany przez przytarczyce w odpowiedzi na spadek stężenia jonów wapnia we krwi. parathormon
50%
116 Nieprawidłowe wysklepienie #115. płaskostopie
50%
115 Dolna powierzchnia stopy. podeszwa
50%
45 Rodzaje tego narządu. siekacz
50%
105 Największy staw w ciele człowieka, zawiasowy, złożony. Łączy udo i podudzie. staw kolanowy
50%
128 Staw wieloosiowy, którego powierzchnie są prawie płaskie. Ma dość ograniczony zakres ruchu. staw płaski
50%
43 strzemiączko
50%
11 Tkanka krwiotwórcza występująca w jamie szpikowej oraz w przestrzeniach tkanki kostnej gąbczastej. szpik kostny
50%
148 Przerwanie ciągłości kości, będące skutkiem urazu mechanicznego lub choroby. złamanie kości
50%
19 Rodzaj tkanki chrzęstnej obecny m.in. w przymostkowych częściach żeber i na powierzchniach stawowych, a także w strefie wzrostu między trzonem a nasadami kości długich. Tkanka odporna na ściskanie. chrząstka szklista
33%
152 Połączenie elementów kostnych przy pomocy tkanki chrzęstnej. chrząstkozrost
33%
130 Przestrzeń stanowiąca miejsce przemieszczania się powierzchni stawowych. Wypełnia ją płyn #134. jama stawowa
33%
16 Hormon wydzielany m.in. przez tarczycę, pobudzający komórki kostne do absorpcji jonów wapnia z krwi. kalcytonina
33%
4 Rurkowaty przewód w strukturze kości, w którym biegną naczynia krwionośne. Obecny w środku struktury #3. kanał osteonu
33%
84 kość główkowata
33%
81 kość grochowata
33%
24 kości płaskie
33%
25 kości różnokształtne
33%
113 Pięć długich kości, które łączą kości stępu z kośćmi palców. kości śródstopia
33%
33 Kości trzewioczaszki kość jarzmowa
33%
31 kość klinowa
33%
79 kość księżycowata
33%
110 kość łódkowata
33%
109 kość piętowa
33%
32 kość sitowa
33%
37 kość szczękowa
33%
112 kość sześcienna
33%
147 Choroba spowodowana niedoborem witaminy D u dzieci, objawiająca się m.in. wygięciem kości kończyny dolnej. krzywica
33%
95 Dolna, węższa część miednicy. miednica mniejsza
33%
96 Górna, szeroka część miednicy. miednica większa
33%
12 Część kości długiej zbudowana głównie z tkanki kostnej gąbczastej. Na niej znajdują się powierzchnie stawowe. nasada kości
33%
5 Dojrzałe, zmineralizowane komórki kostne. osteocyty
33%
3 Podstawowa jednostka strukturalna i funkcjonalna tkanki kostnej zbitej, inaczej system Haversa. osteon
33%
114 Najsilniejszy i leżący najbardziej przyśrodkowo palec stopy. paluch
33%
145 Autoimmunologiczna, zapalna choroba tkanki łącznej, prowadząca do zniekształcenia stawów i upośledzenia ich funkcji. reumatoidalne zapalenie stawów
33%
142 Uraz stawu wskutek przekroczenia jego zakresu ruchomości. W jego wyniku uszkodzeniu mogą ulec torebka stawowa, więzadła, chrząstka stawowa, a nawet kości. skręcenie stawu
33%
102 Kulisty staw panewkowy łączący #93 z wolną kończyną dolną. Składa się z głowy kości #101 i panewki staw biodrowy
33%
124 Staw dwuosiowy składający się z powierzchni stawowych eliptycznej i wklęsłej. staw eliptyczny
33%
127 Staw wieloosiowy składający się z główki i panewki, która obejmuje dużą część główki. Zakres ruchu jest mniejszy niż w stawie #126. staw kulisty panewkowy
33%
121 Staw jednoosiowy, w którym jedna powierzchnia stawowa ma postać bloczka, a druga ma kształt wklęsły, pasujący do bloczka. staw zawiasowy
33%
51 Nieruchome, włókniste spojenie kości czaszki. szew
33%
133 Osłona stawu, składająca się z dwóch warstw: błony włóknistej oraz #135. Okala i łączy części kości tworzące staw (#131). torebka stawowa
33%
48 trzonowiec
33%
141 Utrata fizjologicznej łączności powierzchni stawowych, prowadząca do uszkodzenia struktur wewnątrz stawu, w tym naciągnięcia lub zerwania torebki stawowej. Objawia się m.in. brakiem ruchów czynnych i bolesnych oporem przy ruchach biernych. zwichnięcie stawu
33%
117 Kurczliwa część mięśnia szkieletowego. brzusiec
17%
143 Choroba cechująca się bólem i ograniczeniem ruchomości stawów, wynikająca z zaburzeń funkcjonowania chrząstki stawowej. W początkowej fazie dotknięty chorobą staw boli przy poruszaniu się, ale w zaawansowanej także w spoczynku. Największe nasilenie bólu następuje przy pierwszych próbach poruszania się po nocy. choroba zwyrodnieniowa stawów
17%
20 Rodzaj elastycznej i odpornej na ściskanie tkanki chrzęstnej, z którego zbudowana jest np. małżowina uszna, trąbka słuchowa oraz niektóre struktury układu oddechowego. chrząstka sprężysta
17%
132 Warstwa tkanki łącznej pokrywająca obszary kości tworzących staw. Zapobiega ścieraniu się kości i ułatwia poślizg ruchu. chrząstka stawowa
17%
9 Nieorganiczny związek wapnia, stanowiący składnik kości i zębów i zapewniający ich twardość. hydroksyapatyt
17%
97 Kości miednicy kość biodrowa
17%
39 Nieparzysta kość leżąca w okolicy szyi, również należąca do trzewioczaszki. kość gnykowa
17%
150 Połączenie elementów kostnych przy udziale tkanki kostnej. kościozrost
17%
26 Kości wypełnione jamkami z powietrzem i wyścielone cienką błoną śluzową. Obecne wyłącznie w czaszce. kości pneumatyczne
17%
98 kość kulszowa
17%
63 Zbudowana z tkanki chrzęstnej włóknistej struktura znajdująca się między kręgami. krążek międzykręgowy
17%
137 Dwa dodatkowe elementy stawu kolanowego, zbudowane z tkanki chrzęstnej włóknistej. Wyróżnia się przyśrodkową i boczną. Umożliwiają ruch obrotowy przy zgiętym kolanie oraz wspomagają dopasowanie do siebie powierzchni stawowych. łąkotki
17%
76 Ból tkanek w okolicy stawu #75, który może się pojawić po intensywnym prostowaniu i zginaniu stawu nadgarstka, np. po wyrywaniu chwastów w ogrodzie lub odbijaniu piłki bekhendem. łokieć tenisisty
17%
140 Struktura wewnątrzstawowa, silnie unerwiona i unaczyniona, pogłębiająca panewkę stawową. obrąbek stawowy
17%
67 Górna część szkieletu kończyny górnej, z którą połączona jest wolna kończyna górna. obręcz barkowa
17%
91 palec mały
17%
47 przedtrzonowiec
17%
118 Niekurczliwa część mięśnia zbudowana z pasm tkanki łącznej włóknistej. Tworzy przyczep mięśnia do kości lub skóry. ścięgno
17%
100 Połączenie ścisłe dwóch kości #99 przy pomocy tkanki chrzęstnej. Wspomaga bezpieczny przebieg naturalnego porodu. spojenie łonowe
17%
129 Staw, którego powierzchnie stawowe mają kształt niepozwalający przypisać ich do jednego z pozostałych rodzajów stawów. staw nieregularny
17%
77 Staw łączący przedramię i nadgarstek. staw promieniowo-nadgarstkowy
17%
119 Staw zawierający dwie powierzchnie stawowe. staw prosty
17%
68 Staw łączący #67 z wolną kończyną górną. staw ramienny
17%
125 Staw dwuosiowy, którego powierzchnie stawowe mają kształt siodła. staw siodełkowy
17%
120 Staw zawierający więcej niż dwie powierzchnie stawowe. staw złożony
17%
153 Część szkieletu człowieka, na którą składają się: czaszka, kręgosłup i klatka piersiowa. szkielet osiowy
17%
138 Małe kościste struktury obecne w niektórych ścięgnach kończyny górnej i dolnej. Największa z nich to rzepka. trzeszczki
17%
139 Pasma wytrzymałej tkanki łącznej, które wzmacniają staw. więzadła stawowe
17%
151 Połączenie elementów kostnych przy pomocy tkanki łącznej. więzozrost
17%
66 Dolna część kości #65. Służy jako punkt orientacyjny do prawidłowego przystawienia rąk podczas resuscytacji krążeniowo-oddechowej. wyrostek mieczykowaty
17%
144 W przebiegu tej choroby występują ataki ostrego zapalenia stawów, które obejmuje obrzęk. Najczęściej obejmuje staw śródstopno-paliczkowy palucha. Jej przyczyną jest podwyższone stężenie kwasu moczowego we krwi, który w postaci kryształków odkłada się w stawach i ścięgnach. artretyzm
0%
135 Część #133 produkująca płyn #134. błona maziowa
0%
14 Chrzęstna strefa kości długiej, która umożliwia wzrost kości na długość. chrząstka nasadowa
0%
18 Aktywna forma witaminy D, stymulująca resorpcję kości i wzmagająca wchłanianie wapnia z układu pokarmowego i wydalniczego. kalcytriol
0%
136 Wytwór błony #135, który uwypukla się na zewnątrz jamy stawowej. Również wydziela płyn #134. Występuje w niewielu stawach. kaletka maziowa
0%
111 kości klinowate
0%
93 Górna część szkieletu kończyny dolnej, z którą połączona jest wolna kończyna dolna. obręcz miedniczna
0%
8 Organiczna substancja międzykomórkowa wytwarzana przez komórki kościotwórcza. Zapewnia elastyczność i wytrzymałość kości. Zawiera m.in. kolagen, proteoglikany i mukopolisacharydy. osseina
0%
149 Nieruchomy sposób połączenia kości. połączenia ścisłe
0%
131 Obszary kości przystosowane kształtem do tworzenia stawu i poruszania się względem siebie. Są pokryte warstwą #132. powierzchnie stawowe
0%
15 Miejsca, w których chrząstka zostaje zastępowana przez tkankę kostną. punkty kostnienia
0%
94 Staw łączący szkielet osiowy ze szkieletem kończyny dolnej. staw krzyżowo-biodrowy
0%
71 Wieloosiowy staw łączący kości #69 i #70. staw mostkowo-obojczykowy
0%
106 Staw łączący kości goleni ze stępem. Potocznie: "kostka". staw skokowo-goleniowy
0%
40 Silny staw łączący szczęki górną i dolną, umożliwia żucie pokarmu i artykulację. staw skroniowo-żuchwowy
0%
123 Staw jednoosiowy, umożliwiający ruch obrotowy w osi pionowej z jednoczesnym ruchem posuwistym w tej osi. staw śrubowy
0%
49 Anatomiczny ubytek w kościach szczękowych i żuchwie, gdzie wklinowana jest struktura #44. zębodół
0%
92 Stan chorobowy wynikający z długotrwałego ucisku nerwu pośrodkowego w kanale nadgarstka. Występuje np. u osób pracujących z intensywnym użyciem myszki komputerowej. zespół cieśni kanału nadgarstka
0%
Nie znaleziono quizów pasujących do podanych kryteriów
Rozkład punktacji
Procent ludzi z każdym wynikiem
Percentyl według liczby udzielonych odpowiedzi
Twoja historia wyników
Nie rozwiązałeś tego quizu od ostatniego zresetowania